000 00975nam a2200217Ia 4500
003 Ost
005 20260507074854.0
008 260507s9999||||xx |||||||||||||| ||und||
020 _a9774100549
040 _cfsecg
041 _aara
082 _a658
100 _aالنجار، نبيل الحسيني
_eمؤلف
245 0 _aالإدارة المتقدمة أفضل الممارسات /
_c نبيل الحسيني النجار
260 _aالمنصورة:
_bالمكتبة العصرية للنشر و التوزيع,
_c2007
300 _a492 صفحة؛
_bإيضاحات ؛
_c25 سم
520 _aيضم طبيعة الادارة، الادارة نظرة تأملية في بعض المفاهيم الأساسية، التخطيط، المنشأة مفهومها ووظائفها، الأصول العلمية للإدارة من منظور دراسات الفكر الاداري
653 _aالادارة
653 _aالتخطيط
942 _cكتاب
999 _c41599
_d41599